LEADER 01293nam a2200277 u 4500 001 000000042614 003 CaOOAMICUS 005 20070226114339.0 008 990304m1908 gw u000 u lat u 035 $a10816252 040 $aPUL(R)$bita 130 0 $aCorpus iuris civilis.$0(OLS)http://pul/title/21481 245 10$aCorpus iuris civilis. 250 $aEditio stereotypa undecima. 260 $aBerolini :$bapud Weidmannos,$c1908- 300 $a3 v. ;$c28 cm 500 $aContiene indici. 505 0 $av. 1. Institutiones recognovit Paulus Krueger. Digesta recognovit Theodorus Mommsen. -- v. 2. Codex Iustinianus recognovit et retractavit Paulus Krueger. -- v. 3. Novellae recognovit Rudolfus Schoell: opus Schoelli morte interfectum absolvit Guilelmus Kroll. 700 1 $aKrüger, Paul,$d1840-1926.$0(OLS)http://pul/name/6126 700 1 $aSchöll, Rudolf,$d1844-1893.$0(OLS)http://pul/name/13975 700 1 $aMommsen, Theodor,$d1817-1903.$0(OLS)http://pul/name/4019 850 $aPUL 852 $aPUL$W1$xDP2 Diritto e Scienze Sociali 1$y65$m185 D 19$j57550$nBK-PRI$av. 1$qStampati$B57550$CPULBib$Z2$F57550 $82 941 1 $a8 996 $6245$aCorpus iuris civilis$9(OLS)http://pul/title/21481 996 $6260$aBerolini :$bapud Weidmannos$9(OLS)http://pul/publisher/48438 LEADER 04786nam a2200637 a 4500 001 000000120878 003 CaOOAMICUS 005 20220412170801.0 008 100325m20022003it abfd u000 u ita r 020 $z84-395-9479-8 (Opera ompleta)* 032 $aLibriCat 040 $aPUL$bita$dReb 130 0 $aHistory of humanity$lItaliano.$0(OLS)http://pul/title/152015 245 10$aStoria dell'umanità /$ca cura di S.J. De Laet [et al.]. 260 $aNovara :$bIstituto Geografico De Agostini,$c2002-<2003>. 300 $av. <1-14> :$bill., c. geogr., mappe, grafici ;$c31 cm. 500 $aIn testa al front.: UNESCO. GEDEA. 500 $aTesti su colonne. 504 $aIn fine di ciascun volume bibliografia e indici. 505 0 $av. 1. Preistoria e albori della civiltà (I). -- v. 2. Preistoria e albori della civiltà (II). -- v. 3. Dal 3000 a.C. al VII secolo a.C. (I). -- v. 4. Dal 3000 a.C. al VII secolo a.C. (II). -- v. 5. Dal VII secolo a.C. al VII secolo d.C. (I). -- v. 6. Dal VII secolo a.C. al VII secolo d.C. (II). -- v. 7. Dal VII al XVI secolo (I). -- v. 8. Dal VII al XVI secolo (II). -- v. 9. Dal XVI al XVIII secolo (I). -- v. 10. Dal XVI al XVIII secolo (II). -- v. 11. Il XIX secolo (I). -- v. 12. Il XIX secolo (II). -- v. 13. Il XX secolo: dal 1914 ad oggi (I). -- v. 14. Il XX secolo: dal 1914 ad oggi (II). 650 4$aStoria$xUmanità$vEnciclopedie.$0(OLS)http://pul/subject/36656 700 1 $aDe Laet, S. J.$0(OLS)http://pul/name/75670 740 0 $aDal 3000 a.C. al VII secolo a.C. 740 0 $aPreistoria e albori della civiltà. 740 0 $aDal VII secolo a.C. al VII secolo d.C. 740 0 $aDal VII al XVI secolo. 740 0 $aDal XVI al XVIII secolo. 740 3 $aIl XIX secolo. 740 3 $aIl XX secolo :$pdal 1914 ad oggi. 850 $aPUL 852 $aPUL$W1$xDP2 Filosofia 3$y112$m909 GEDEA 1.1$j138593$bv.1$qDDC 21$B137810$CPULBib$Z2$F137810 $H113177 $82 852 $aPUL$W1$xDP2 Filosofia 3$y112$m909 GEDEA 1.2$j138594$bv.2$qDDC 21$B137811$CPULBib$Z2$F137811 $H113178 $82 852 $aPUL$W1$xDP2 Filosofia 3$y112$m909 GEDEA 1.3$j138595$bv.3$qDDC 21$B137812$CPULBib$Z2$F137812 $H113179 $82 852 $aPUL$W1$xDP2 Filosofia 3$y112$m909 GEDEA 1.4$j138596$bv.4$qDDC 21$B137813$CPULBib$Z2$F137813 $H113180 $82 852 $aPUL$W1$xDP2 Filosofia 3$y112$m909 GEDEA 1.5$j138597$bv.5$qDDC 21$B137814$CPULBib$Z2$F137814 $H113181 $82 852 $aPUL$W1$xDP2 Filosofia 3$y112$m909 GEDEA 1.6$j138598$bv.6$qDDC 21$B137815$CPULBib$Z2$F137815 $H113182 $82 852 $aPUL$W1$xDP2 Filosofia 3$y112$m909 GEDEA 1.7$j138599$bv.7$qDDC 21$B137816$CPULBib$Z2$F137816 $H113183 $82 852 $aPUL$W1$xDP2 Filosofia 3$y112$m909 GEDEA 1.8$j138600$bv.8$qDDC 21$B137817$CPULBib$Z2$F137817 $H113184 $82 852 $aPUL$W1$xDP2 Filosofia 3$y112$m909 GEDEA 1.9$j138601$bv.9$qDDC 21$B137818$CPULBib$Z2$F137818 $H113185 $82 852 $aPUL$W1$xDP2 Filosofia 3$y112$m909 GEDEA 1.12$j138605$bv.12$qDDC 21$B137822$CPULBib$Z2$F137822 $H113188 $82 852 $aPUL$W1$xDP2 Filosofia 3$y112$m909 GEDEA 1.10$j138603$bv.10$qDDC 21$B137820$CPULBib$Z2$F137820 $H113186 $82 852 $aPUL$W1$xDP2 Filosofia 3$y112$m909 GEDEA 1.11$j138604$bv.11$qDDC 21$B137821$CPULBib$Z2$F137821 $H113187 $82 852 $aPUL$W1$xDP2 Filosofia 3$y112$m909 GEDEA 1.13$j138606$bv.13$qDDC 21$B137823$CPULBib$Z2$F137823 $H113189 $82 852 $aPUL$W1$xDP2 Filosofia 3$y112$m909 GEDEA 1.14$j138607$bv.14$qDDC 21$B137824$CPULBib$Z2$F137824 $H113190 $82 941 1 $a9 996 $6020$z84-395-9479-8 (Opera ompleta)*$9(OLS)http://pul/number/143674 996 $6740$aDal 3000 a.C. al VII secolo a.C.$9(OLS)http://pul/title/152017 996 $6245$aStoria dell'umanità$9(OLS)http://pul/title/39636 996 $6740$aPreistoria e albori della civiltà$9(OLS)http://pul/title/152016 996 $6740$aDal VII secolo a.C. al VII secolo d.C.$9(OLS)http://pul/title/152018 996 $6740$aDal VII al XVI secolo$9(OLS)http://pul/title/152019 996 $6740$aDal XVI al XVIII secolo$9(OLS)http://pul/title/152020 996 $6740$aIl XIX secolo$9(OLS)http://pul/title/152021 996 $6740$aIl XX secolo :$pdal 1914 ad oggi$9(OLS)http://pul/title/152022 996 $6260$aNovara :$bIstituto Geografico De Agostini$9(OLS)http://pul/publisher/50139 LEADER 01483nam a2200313 a 4500 001 000000104890 003 CaOOAMICUS 005 20070509134302.0 008 070509s2006 it 101 0 ita d 020 $a88-215-5712-X 040 $aPUG$bita$dPUL$dLDB 245 03$aLa Trinità e la Chiesa :$bin dialogo con Giacomo Canobbio /$ca cura di Orazio Francesco Piazza. 260 $aCinisello Balsamo :$bSan Paolo,$cc2006. 300 $a288 p. ;$c23 cm 500 $aIn testa al front.: Pontificia facoltà teologica dell'Italia meridionale, Sezione san Luigi. 504 $aContiene riferimenti bibliografici. 650 14$aTrinità.$0(OLS)http://pul/subject/2463 700 1 $aPiazza, Orazio Francesco,$eed.$0(OLS)http://pul/name/64462 700 1 $aCanobbio, Giacomo,$csacerdote,$d1945-$0(OLS)http://pul/name/24030 850 $aPUL 852 $aPUL$W1$xSL Religione 3$y85$m231 PIAOR 1$j117471$qDDC 21$q $B117414$CPULBib$Z2$F117414 $H103005 $81 852 $aPUL$W1$xDP1 Fondo Bordoni$y120$m3 B 72$j162979$qFondi$B172791$CPULBib$Z2$F172791 $HBor782 $81 941 1 $a9 941 1 $a1 960 $aTeologia trinitaria$92463 960 $aTeologia trinitaria$92463 996 $6020$a88-215-5712-X$9(OLS)http://pul/number/134258 996 $6245$aLa Trinità e la Chiesa :$bin dialogo con Giacomo Canobbio$9(OLS)http://pul/title/131931 996 $6260$aCinisello Balsamo :$bSan Paolo$9(OLS)http://pul/publisher/54577